Squadra dell'anno UEFA 2008 - Statistics

Statistiche generali
  • Questo quiz è stato fatto 6 volte
  • Il punteggio medio è 9 su 11
Statistiche sulle risposte
Ruolo Nazione Squadra Giocatore % Corretto
Centrocampista Portogallo Manchester Utd Cristiano Ronaldo
100%
Portiere Spagna Real Madrid Iker Casillas
100%
Attaccante Argentina Barcellona Lionel Messi
100%
Difensore Spagna Real Madrid Sergio Ramos
100%
Difensore Spagna Barcellona Carles Puyol
83%
Attaccante Spagna Liverpool Fernando Torres
83%
Difensore Inghilterra Chelsea John Terry
83%
Difensore Germania Bayern Monaco Philipp Lahm
83%
Centrocampista Francia Bayern Monaco Franck Ribéry
67%
Centrocampista Spagna Barcellona Xavi
67%
Centrocampista Spagna Arsenal Cesc Fàbregas
50%
Nessun quiz corrispondente trovato
Distribuzione punteggi
Percentuale di utenti per punteggio
Percentile per numero di risposta
I tuoi punteggi nel tempo
Non hai fatto questo quiz